[Event "Catalunya-ch (Women)"]
[Site "Spain"]
[Date "1999.??.??"]
[Round "?"]
[White "Vilalta, Marta"]
[Black "Moix Monserrat, Roser"]
[Result "0-1"]
[WhiteElo "1775"]
[BlackElo "2030"]
[PlyCount "74"]
[EventDate "1999.??.??"]
[EventType "swiss"]
[EventRounds "7"]
[EventCountry "ESP"]
[SourceTitle "EXT 2000"]
[Source "ChessBase"]
[SourceDate "1999.11.16"]
[SourceVersion "1"]
[SourceVersionDate "1999.11.16"]
[SourceQuality "1"]

1. e4 c6 2. d4 d5 3. Nd2 e6 4. c3 Nf6 5. e5 Nfd7 6. Bd3 c5 7. Ne2 Nc6 8. f4 cxd4 9. cxd4 Qh4+ 10. g3 Qd8 11. Nf3 h6 12. 0-0 Nb6 13. a3 Bd7 14. Bd2 Nc4 15. Bxc4 dxc4 16. Rc1 b5 17. Nc3 Qb6 18. Kh1 Qb7 19. Ne2 Be7 20. Bc3 Rd8 21. Rc2 a5 22. Bd2 0-0 23. a4 Nb4 24. Bxb4 axb4 25. axb5 Bxb5 26. Rc1 Rc8 27. Rf2 Rfd8 28. Kg1 Rc7 29. Nd2 Rdc8 30. Nb1 Qb6 31. f5 exf5 32. Rxf5 Bd7 33. Rf2 Bg4 34. Kf1 Bg5 35. Nf4 Bxd1 36. Rxd1 Bxf4 37. Rxf4 c3 0-1